Urban panegyric & the transformation of the medieval city, 1100-1300 /

This study offers the first extensive analysis of the function and significance of urban panegyric in the Central Middle Ages, a flexible literary genre which enjoyed a marked and renewed popularity in the period 1100 to 1300. In doing so, it connects the production of urban panegyric to major under...

Full description

Bibliographic Details
Main Author: Oldfield, Paul (Lecturer in medieval history) (Author)
Format: eBook
Language:English
Published: Oxford ; New York, NY : Oxford University Press, 2019.
Edition:First edition.
Series:Oxford studies in medieval European history.
Subjects:
Online Access:Connect to the full text of this electronic book

MARC

Tag First Indicator Second Indicator Subfields
LEADER 00000cam a2200000 i 4500
001 in00005716655
005 20260319180319.7
006 m o d
007 cr cnu---unuuu
008 181022t20192019enk fob 001 0 eng d
040 |a STBDS  |b eng  |e rda  |e pn  |c STBDS  |d OCLCO  |d YOU  |d YDXIT  |d OCLCO  |d YDX  |d STF  |d OCLCQ  |d N$T  |d EBLCP  |d OCLCF  |d N$T  |d YDXIT  |d UBY  |d OCLCQ  |d OCLCO  |d OCL  |d OCLCQ  |d UKAHL  |d OCLCQ  |d OCLCO  |d OCLCQ  |d OCLCO  |d OCLCL 
019 |a 1063749588  |a 1081315393 
020 |a 9780191027536  |q (electronic book) 
020 |a 0191027537  |q (electronic book) 
020 |a 9780191787232  |q (electronic book) 
020 |a 019178723X  |q (electronic book) 
020 |z 0198717733 
020 |z 9780198717737 
035 |a (OCoLC)1076357423  |z (OCoLC)1063749588  |z (OCoLC)1081315393 
043 |a e------ 
050 4 |a HT131  |b .O43 2019 
072 7 |a SOC  |x 026030  |2 bisacsh 
082 0 4 |a 307.76094  |2 23 
049 |a TXAM 
100 1 |a Oldfield, Paul  |c (Lecturer in medieval history),  |e author.  |1 https://id.oclc.org/worldcat/entity/E39PCjD9fHwPfxwpWQgyMRRKr3 
245 1 0 |a Urban panegyric & the transformation of the medieval city, 1100-1300 /  |c Paul Oldfield. 
246 3 |a Urban panegyric and the transformation of the medieval city, 1100-1300 
250 |a First edition. 
264 1 |a Oxford ;  |a New York, NY :  |b Oxford University Press,  |c 2019. 
264 4 |c ©2019 
300 |a 1 online resource 
336 |a text  |b txt  |2 rdacontent 
337 |a computer  |b c  |2 rdamedia 
338 |a online resource  |b cr  |2 rdacarrier 
490 1 |a Oxford studies in medieval European history 
504 |a Includes bibliographical references and index. 
520 8 |a This study offers the first extensive analysis of the function and significance of urban panegyric in the Central Middle Ages, a flexible literary genre which enjoyed a marked and renewed popularity in the period 1100 to 1300. In doing so, it connects the production of urban panegyric to major underlying transformations in the medieval city and explores praise of cities primarily in England, Flanders, France, Germany, Iberia, and Italy (including the South and Sicily). The study demonstrates how laudatory ideas on the city appeared in extremely diverse textual formats which had the potential to interact with a wide audience via multiple textual and material sources. 
505 0 |a Cover; Urban Panegyric and the Transformation of the Medieval City,1100-1300; Copyright; Acknowledgements; Contents; Introduction; URBAN PANEGYRIC AND ITS SOURCES; HISTORIOGRAPHY; PARAMETERS OF THE STUDY; URBAN TRANSFORMATION, 1100-1300: THE BACKGROUND; STRUCTURE; 1: The Sources: An Overview; 2: Interpretation and Audience; INTERPRETING PANEGYRIC: FABRICATION, HYPERBOLE, AND TRUTH; AUTHORSHIP AND LITERARY CONVENTIONS; AUDIENCE; 3: The Holy City; THE CITY IN CHRISTIAN DISCOURSE; REPLICATING THE HOLY CITY: BOLOGNA AND CHESTER; CITIES AS RECORDS OF CHRISTIAN TRIUMPH 
505 8 |a PRAISING THE CITY'S RELIGIOUS MATRIX: SAINTS, HIERARCHIES, AND PIETY4: The Evil City: Urban Critiques; DEEP CRITIQUES; DISORDER AND LAMENTATION; 5: The City of Abundance: Commerce, Hinterland, People; COMMERCIAL REVIVAL; HINTERLAND; PEOPLE; 6: Urban Landscapes and Sites of Power; THE MEDIEVAL BUILDING BOOM; URBAN FORTIFICATIONS; METROPOLISES AND SITES OF PUBLIC POWER; 7: Education, History, and Sophistication; THE CITY AND THE MEDIEVAL INTELLECTUAL RENAISSANCE; ANCIENT URBAN HISTORIES; In Praise of the Medieval City: Conclusions; Bibliography; MANUSCRIPTS AND INCUNABULA 
505 8 |a PRINTED PRIMARY SOURCESSECONDARY; Index 
588 0 |a Online resource; title from digital title page (viewed on March 15, 2019). 
650 0 |a Cities and towns  |z Europe  |x History  |y To 1500. 
650 0 |a Cities and towns, Medieval, in literature. 
650 6 |a Villes médiévales dans la littérature. 
650 7 |a SOCIAL SCIENCE  |x Sociology  |x Urban.  |2 bisacsh 
650 7 |a Cities and towns, Medieval, in literature  |2 fast 
650 7 |a Cities and towns  |2 fast 
651 7 |a Europe  |2 fast  |1 https://id.oclc.org/worldcat/entity/E39PBJxCxPbbk4CPJDQJb4r6rq 
648 7 |a To 1500  |2 fast 
655 7 |a Electronic books.  |2 local 
655 7 |a History  |2 fast 
776 0 8 |i Print version :  |z 9780198717737 
830 0 |a Oxford studies in medieval European history. 
856 4 0 |u http://proxy.library.tamu.edu/login?url=https://academic.oup.com/book/9071  |z Connect to the full text of this electronic book  |t 0 
955 |a Oxford Scholarship Online 
994 |a 92  |b TXA 
999 f f |i 3c0d5403-b0c8-40bf-bffb-9ba01a76aadd  |s 288cece8-52d9-4d71-993e-d5735213cc02  |t 0 
952 f f |a Texas A&M University  |b College Station  |c Electronic Resources  |s www_evans  |d Available Online  |t 0  |e HT131 .O43 2019  |h Library of Congress classification 
998 f f |a HT131 .O43 2019  |t 0  |l Available Online